• 首页
  • 本馆介绍
  • 公告通知
  • 最新文献
  • 馆藏检索
  • 电子资源
  • 读者导购
  • 参考咨询
  • 我的图书馆
  • 登录
  • 详细信息显示
  • 放入我的书架
  • 预约/预借图书
  • 作者相关作品
  • 分类相关作品
  • 丛书相关作品
  • 出版社相关作品

书目信息

  • 表格格式
  • 工作单格式
  • 卡片格式
题名:
《方言》简注
    
 
作者: 王宝刚 著
分册:  
出版信息: 北京   中央文献出版社  2007
页数: 415页
开本: 21cm
丛书名: 当代语言学丛书
单 册:
中图分类: H171
科图分类:
主题词: 汉语方言--古方言--研究 , 汉语方言 , 古方言
电子资源:
ISBN: 978-7-5073-2258-3
000 00946oam2 2200289 450
001 003571016
005 20100105094927.82
010    @a978-7-5073-2258-3@dCNY27.00
100    @a20070104d2007 em y0chiy0110 ea
101 0  @achi
102    @aCN@b110000
105    @ay z 000yy
106    @ar
200 1  @a《方言》简注@9《 fang yan 》 jian zhu@f王宝刚著
210    @a北京@c中央文献出版社@d2007
215    @a415页@d21cm
225 2  @a当代语言学丛书
300    @a山东省“十五”期间重点学科强化建设项目 鲁东大学汉语言文字学科语言文字理论与应用研究文库(二)
330    @a本书以周祖谟《方言校笺》为底本,参考前人研究成果,对扬雄《方言》和郭璞注的词语进行注释,包括注音、释义和引证。
461  0 @12001 @a当代语言学丛书
606 0  @a汉语方言@x古方言@x研究
606 0  @a汉语方言
606 0  @a古方言
690    @aH171@v4
701  0 @a王宝刚@9wang bao gang@c(汉语言学)@4著
801  0 @aCN@bNLC@c20100105
905    @b794165-67@dH03@e71@f3
    
    《方言》简注/王宝刚著.-北京:中央文献出版社,2007
    415页;21cm.-(当代语言学丛书)
    山东省“十五”期间重点学科强化建设项目 鲁东大学汉语言文字学科语言文字理论与应用研究文库(二)
    
    ISBN 978-7-5073-2258-3:CNY27.00
    本书以周祖谟《方言校笺》为底本,参考前人研究成果,对扬雄《方言》和郭璞注的词语进行注释,包括注音、释义和引证。
●
相关链接 在E读中查询图书 在五车中查询图书 在当当中查询图书 在豆瓣中查询图书


正题名:《方言》简注     索取号:H03/71         预约/预借

序号 登录号 条形码 馆藏地/架位号 状态 备注
1 794165   207941655   第二样本阅览室/ [索取号:H03/71] 在馆    
2 794166   207941664   第四借阅区/ [索取号:H03/71] 在馆    
3 794167   207941673   密集书库-文学院/ [索取号:H03/71] 在馆    
唐山师范学院图书馆 欢迎您!
大连网信软件有限公司© 版权所有